| 000 | 00536cam a2200169 a 4500 | ||
|---|---|---|---|
| 999 |
_c13886 _d13886 |
||
| 020 | _a9786214200986 | ||
| 082 | 0 | 0 | _aFil 899.21032 R528 2025 |
| 100 | 1 |
_aRizal, José, _d1861-1896. |
|
| 245 | 1 | 3 |
_aEl filibusterismo : _ba novel / _cby Jose Rizal ; written by Grace Miranda. |
| 260 |
_aMandaluyong City : _bAnvil Publishing, Inc, _cc2025. |
||
| 300 | _a50 p. | ||
| 526 | _aFILIPINIANA | ||
| 650 | _aRizal, Jose P., 1861-1896. El Filibusterismo. | ||
| 650 | _aComic books, strips, etc. | ||
| 700 | _aMiranda, Grace R. | ||
| 942 |
_2ddc _cBK |
||